| 000 | 00924nam a2200229 a 4500 | ||
|---|---|---|---|
| 001 | 000039842 | ||
| 005 | 20240305135410.0 | ||
| 008 | 130725s19uu ag 000 0 spa d | ||
| 040 |
_aDO-SdBNP _bspa _cBNPHU |
||
| 082 | _axxx | ||
| 100 | 1 |
_aGarcía Márquez, Gabriel, _b1928-2014 _91804 |
|
| 245 | 1 | 0 |
_aIsabel viendo llover en macondo ; _bLos cuentos de Gabriel García Márquez o el Trópico desembrujado / _cGabriel García Márquez, Ernesto Volkening. |
| 260 |
_aBuenos Aires : _bEstuario, _c[19uu]. |
||
| 300 |
_a21 p. ; _c18 cm. |
||
| 490 | 1 | _aEl perseguidor | |
| 490 | 1 | _aNarradores latinoamericanos | |
| 501 | _aEncuadernado con: Los cuentos de Gabriel García Márquez o el Trópico desembrujado /Ernesto Volkening. | ||
| 563 | _aDos obras encuadernada juntas con paginación continua. | ||
| 700 | 1 |
_aVolkening, Ernesto _966030 |
|
| 830 | 0 |
_aEl perseguidor _966031 |
|
| 830 | 0 |
_aNarradores latinoamericanos _966032 |
|
| 999 |
_c39332 _d39332 |
||